<?xml version="1.0" encoding="UTF-8"?>
<marc:record xmlns:marc="http://www.loc.gov/MARC21/slim">
   <marc:leader>00000nam a2200000 a 4500</marc:leader>
   <marc:datafield ind1="1" ind2=" " tag="100">
      <marc:subfield code="a">Pantermüller, Alice</marc:subfield>
      <marc:subfield code="4">aut</marc:subfield>
      <marc:subfield code="e">Verfasser/-in</marc:subfield>
   </marc:datafield>
   <marc:datafield ind1="1" ind2=" " tag="100">
      <marc:subfield code="a">Kohl, Daniela</marc:subfield>
      <marc:subfield code="4">aut</marc:subfield>
      <marc:subfield code="e">Verfasser/-in</marc:subfield>
   </marc:datafield>
   <marc:datafield ind1="0" ind2="0" tag="245">
      <marc:subfield code="a">Alles Bingo mit Famingo!</marc:subfield>
   </marc:datafield>
   <marc:datafield ind1="0" ind2="0" tag="245">
      <marc:subfield code="c">Alice Pantermüller ; Daniela Kohl</marc:subfield>
   </marc:datafield>
   <marc:datafield ind1=" " ind2="1" tag="264">
      <marc:subfield code="a">München</marc:subfield>
      <marc:subfield code="b">Universum Film GmbH.</marc:subfield>
      <marc:subfield code="c">2020</marc:subfield>
   </marc:datafield>
   <marc:datafield ind1="1" ind2=" " tag="490">
      <marc:subfield code="a">Mein Lotta-Leben</marc:subfield>
   </marc:datafield>
   <marc:datafield ind1="1" ind2=" " tag="520">
      <marc:subfield code="a">Familienwahnsinn pur und Lotta (Meggy Hussong) ist mitten drin! Zum Glück hat Lotta ihre beste Freundin Cheyenne (Yola Streese)! Zusammen mit ihr und dem nerdigen Mitschüler Paul (Levi Kazmaier) hat Lotta eine Bande: Die Wilden Kaninchen. Und die können eins gar nicht ausstehen: Berenike (Laila Ziegler) und ihre (G)Lämmer-Girls. Besonders fies ist, dass Berenike eine große Party feiert und alle eingeladen hat. Sogar Paul. Nur Lotta und Cheyenne nicht. Das wollen die beiden Freundinnen sich nicht gefallen lassen und versuchen alles Mögliche, um doch noch zur Party gehen zu dürfen! Doch selbst die Idee, den berühmten Sänger Marlon (Lukas Rieger) mit zur Party zu bringen, scheitert und es kommt zu einem großen Streit zwischen den beiden Freundinnen. Aber Lotta wäre nicht Lotta, wenn sie es nicht schaffen würde, die Freundschaft zu Cheyenne zu retten und dabei zu erkennen, was wahre Freundschaft bedeutet</marc:subfield>
   </marc:datafield>
   <marc:datafield ind1=" " ind2=" " tag="020">
      <marc:subfield code="a">4061229117302</marc:subfield>
      <marc:subfield code="9">4061229117302</marc:subfield>
   </marc:datafield>
   <marc:datafield ind1="0" ind2=" " tag="490">
      <marc:subfield code="v">0</marc:subfield>
   </marc:datafield>
   <marc:datafield ind1=" " ind2=" " tag="300">
      <marc:subfield code="a">90 Min.</marc:subfield>
   </marc:datafield>
</marc:record>
